LEADER 01063nam0-2200313---450- 001 990009428820403321 005 20110921150617.0 035 $a000942882 035 $aFED01000942882 035 $a(Aleph)000942882FED01 035 $a000942882 100 $a20110921d1952----km-y0itay50------ba 101 0 $aita 102 $aIT 105 $ay-------000yy 200 1 $aAdattamento all'ambiente e correlativo significato ecologico del sesso nei vegetali$fGiuseppe Catalano 210 $aRoma$c[S.n.]$d1952 215 $a13 p.$d25 cm 300 $aContiene il contributo dell'autore al IX Congresso internazionale delle industrie agrarie, Roma, 27 maggio - 1 giugno 1952 610 0 $aPiante$aadattamento 676 $a578.4 700 1$aCatalano,$bGiuseppe$f<1888-1981>$0492715 801 0$aIT$bUNINA$gRICA$2UNIMARC 901 $aBK 912 $a990009428820403321 952 $a60 DONO CATALANO 55$b13301$fFAGBC 959 $aFAGBC 996 $aAdattamento all'ambiente e correlativo significato ecologico del sesso nei vegetali$9760169 997 $aUNINA LEADER 01231nam--2200397---450- 001 990002218030203316 005 20091112130438.0 010 $a0-521-82701-9 035 $a000221803 035 $aUSA01000221803 035 $a(ALEPH)000221803USA01 035 $a000221803 100 $a20041126d2003----km-y0enga50------ba 101 0 $aeng 102 $aGB 105 $ay---z---001yy 200 1 $a<> world withaut walls$efreedom, development, free trade and global governance$fMike Moore 210 $aCambridge$cCambridge University Press$dcopyr. 2003 215 $aXI, 292 p.$d23 cm 410 0$12001 454 1 $12001 461 1$1001------$12001 606 0 $aWorld Trade Organization 676 $a382.71 700 1$aMOORE,$bMike$0499512 801 0$aIT$bsalbc$gISBD 912 $a990002218030203316 951 $aXXIII.2.C. 181 (IG VIII 10 ING 817)$b45096 G.$cXXIII.2.C. 181 (IG VIII 10 ING)$d00130541 959 $aBK 969 $aGIU 979 $aACQUISTI$b10$c20041126$lUSA01$h1024 979 $aIANNONE$b90$c20050627$lUSA01$h1250 979 $aGIUSY$b90$c20080418$lUSA01$h1233 979 $aRSIAV4$b90$c20091112$lUSA01$h1304 996 $aWorld withaut walls$91035769 997 $aUNISA LEADER 02771nam0 2200601 i 450 001 VAN0123973 005 20230704090448.309 017 70$2N$a9783319568294 100 $a20191004d2017 |0itac50 ba 101 $aeng 102 $aCH 105 $a|||| ||||| 200 1 $aModels, algorithms and technologies for network analysis$eNET 2016, Nizhny Novgorod, Russia, May 2016$fValery A. Kalyagin ... [et al.] editors 210 $aCham$cSpringer$d2017 215 $axiii, 277 p.$cill.$d24 cm 410 1$1001VAN0102574$12001 $aSpringer proceedings in mathematics & statistics$1210 $aBerlin [etc.]$cSpringer$v197 500 1$3VAN0235734$aModels, algorithms and technologies for network analysis. NET 2016$92598094 606 $a90Bxx$xOperations research and management science [MSC 2020]$3VANC019945$2MF 606 $a90Cxx$xMathematical programming [MSC 2020]$3VANC020086$2MF 606 $a68Rxx$xDiscrete mathematics in relation to computer science [MSC 2020]$3VANC020358$2MF 606 $a90-XX$xOperations research, mathematical programming [MSC 2020]$3VANC025650$2MF 610 $aComplex Networks$9KW:K 610 $aDynamic superclusters$9KW:K 610 $aEfficient algorithms$9KW:K 610 $aLattice-based algorithm$9KW:K 610 $aMachine learning$9KW:K 610 $aMissing node attributes$9KW:K 610 $aModel Applicability$9KW:K 610 $aMulti-layered modeling$9KW:K 610 $aMultivariate distributions$9KW:K 610 $aNetwork analysis$9KW:K 610 $aNetwork methods$9KW:K 610 $aNetwork structures$9KW:K 610 $aPower transmission grids$9KW:K 610 $aScheduling problems$9KW:K 610 $aSimulation modeling$9KW:K 610 $aSocial networks$9KW:K 610 $aSpectral Partitions$9KW:K 610 $aStock market networks$9KW:K 610 $aTelecommunication networks$9KW:K 610 $aTheoretical models$9KW:K 620 $aCH$dCham$3VANL001889 702 1$aKalyagin$bValery A.$3VANV081030 712 12$aInternational Conference on Network Analysis$d6.$f2016$eNizhny Novgorod, Russ$3VANV095439 712 $aSpringer $3VANV108073$4650 801 $aIT$bSOL$c20240614$gRICA 856 4 $uhttp://doi.org/10.1007/978-3-319-56829-4$zE-book ? Accesso al full-text attraverso riconoscimento IP di Ateneo, proxy e/o Shibboleth 899 $aBIBLIOTECA DEL DIPARTIMENTO DI MATEMATICA E FISICA$1IT-CE0120$2VAN08 912 $fN 912 $aVAN0123973 950 $aBIBLIOTECA DEL DIPARTIMENTO DI MATEMATICA E FISICA$d08CONS e-book 0794 $e08eMF794 20191004 996 $aModels, algorithms and technologies for network analysis : NET 2016$92598094 997 $aUNICAMPANIA